[Event "BCF-chT4S 1920 (4NCL)"]
[Site "England"]
[Date "2020.02.09"]
[Round "6.15"]
[White "Howell, Chris I"]
[Black "Lawson, Maurice Elliot"]
[Result "0-1"]
[WhiteElo "1956"]
[BlackElo "1962"]
[PlyCount "50"]
[EventDate "2019.11.09"]
[EventType "team-swiss"]
[EventRounds "11"]
[EventCountry "ENG"]
[SourceTitle "EXT 2022"]
[Source "ChessBase"]
[SourceDate "2021.10.06"]
[SourceVersion "1"]
[SourceVersionDate "2021.10.06"]
[SourceQuality "1"]
[WhiteTeam "Sussex Martlets II"]
[BlackTeam "CSC II"]
[WhiteTeamCountry "ENG"]
[BlackTeamCountry "ENG"]

1. e4 c6 2. d4 d5 3. exd5 cxd5 4. c4 Nf6 5. Nc3 e6 6. c5 b6 7. b4 Be7 8. Nf3 0-0 9. Bg5 h6 10. Bh4 bxc5 11. bxc5 Qa5 12. Qd2 Ba6 13. Ne5 Re8 14. Rb1 Nfd7 15. Nxd7 Bxh4 16. Rxb8 Raxb8 17. Bxa6 Qxa6 18. Nxb8 Rxb8 19. Qf4 Rb2 20. Qe3 Bxf2+ 21. Qxf2 Rxf2 22. Kxf2 e5 23. a4 Qf6+ 24. Ke2 exd4 25. Nb5 Qe7+ 0-1

[Event "BCF-chT3S 1819 (4NCL) Demotion pool"]
[Site "England"]
[Date "2019.05.04"]
[Round "9.64"]
[White "Howell, Chris I"]
[Black "Smith, Graham M"]
[Result "1/2-1/2"]
[WhiteElo "1954"]
[BlackElo "2021"]
[PlyCount "53"]
[EventDate "2019.04.14"]
[EventType "team-tourn"]
[EventRounds "11"]
[EventCountry "ENG"]
[SourceTitle "EXT 2021"]
[Source "ChessBase"]
[SourceDate "2020.10.23"]
[SourceVersion "1"]
[SourceVersionDate "2020.10.23"]
[SourceQuality "1"]
[WhiteTeam "Sussex Martlets II"]
[BlackTeam "MK Phoenix"]
[WhiteTeamCountry "ENG"]
[BlackTeamCountry "ENG"]

1. e4 c5 2. a3 g6 3. b4 Bg7 4. Nc3 d6 5. Rb1 Nc6 6. Nge2 e6 7. g3 Nge7 8. Bg2 0-0 9. 0-0 a5 10. bxc5 dxc5 11. d3 Nd4 12. f4 Nxe2+ 13. Nxe2 Qc7 14. Be3 b6 15. e5 Rb8 16. Nc3 Nf5 17. Bf2 f6 18. Nb5 Qd7 19. Re1 fxe5 20. fxe5 Ba6 21. a4 Bxb5 22. axb5 Nd4 23. c4 Qc7 24. Bxd4 cxd4 25. Qg4 Rf5 26. Qxd4 Rxe5 27. Rxe5 1/2-1/2

[Event "GBR-ch 105th U2050"]
[Site "Hull"]
[Date "2018.08.01"]
[Round "3"]
[White "Howell, Chris I"]
[Black "Gamble, Raymond J"]
[Result "0-1"]
[WhiteElo "1971"]
[BlackElo "1870"]
[PlyCount "132"]
[EventDate "2018.07.30"]
[EventType "swiss"]
[EventRounds "5"]
[EventCountry "ENG"]
[SourceTitle "EXT 2019"]
[Source "ChessBase"]
[SourceDate "2018.10.10"]
[SourceVersion "1"]
[SourceVersionDate "2018.10.10"]
[SourceQuality "1"]

1. e4 e6 2. d4 d5 3. Nd2 Nf6 4. e5 Nfd7 5. Bd3 c5 6. c3 Nc6 7. Ne2 Qb6 8. Nf3 Be7 9. 0-0 Nf8 10. dxc5 Bxc5 11. b4 Be7 12. Be3 Qc7 13. Re1 Ng6 14. Ned4 0-0 15. Nxc6 bxc6 16. Qc2 Bd7 17. h4 Rfe8 18. h5 Nf8 19. a4 c5 20. b5 c4 21. Bf1 Bc5 22. Bxc5 Qxc5 23. Qd2 Qe7 24. Qd4 Reb8 25. Reb1 Rb6 26. Rb4 Rab8 27. Rab1 Be8 28. Qf4 R6b7 29. Nd4 f5 30. exf6 Qxf6 31. Qxf6 gxf6 32. Be2 Rd8 33. a5 Rd6 34. Bf3 Bd7 35. Rxc4 e5 36. Rc5 exd4 37. Rxd5 Re6 38. Rxd4 Rxb5 39. Rbd1 Re7 40. a6 Rb6 41. Rd6 Rxd6 42. Rxd6 Kg7 43. Bb7 Re1+ 44. Kh2 Re6 45. Rd5 Re5 46. c4 Rxd5 47. Bxd5 Be6 48. Kg3 Kf7 49. Kf4 Ke7 50. g4 h6 51. Ke4 Bxg4 52. c5 Nd7 53. Kd4 Bxh5 54. c6 Nb6 55. Be4 Kd6 56. Ke3 Be8 57. c7 Kxc7 58. Kf4 Bd7 59. Bg2 Bb5 60. Bb7 Bc6 61. Bxc6 Kxc6 62. Kg4 Kb5 63. Kh5 Kxa6 64. Kxh6 Kb5 65. Kg6 Nd7 66. Kf7 a5 0-1

[Event "BCF-chT3S 1718 (4NCL) Demotion pool"]
[Site "England"]
[Date "2018.05.05"]
[Round "9.52"]
[White "Howell, Chris I"]
[Black "Cocks, Elliot"]
[Result "1-0"]
[WhiteElo "1954"]
[BlackElo "2050"]
[PlyCount "101"]
[EventDate "2017.11.11"]
[EventType "team-tourn"]
[EventRounds "11"]
[EventCountry "ENG"]
[SourceTitle "EXT 2020"]
[Source "ChessBase"]
[SourceDate "2019.10.17"]
[SourceVersion "1"]
[SourceVersionDate "2019.10.17"]
[SourceQuality "1"]
[WhiteTeam "Sussex Martlets II"]
[BlackTeam "Anglian Avengers II"]
[WhiteTeamCountry "ENG"]
[BlackTeamCountry "ENG"]

1. e4 c5 2. a3 g6 3. b4 Bg7 4. Nc3 d6 5. Nf3 Nf6 6. bxc5 dxc5 7. Rb1 0-0 8. g3 b6 9. Bg2 Bb7 10. Qe2 Nc6 11. 0-0 Nd4 12. Nxd4 cxd4 13. Nd5 Nxd5 14. exd5 Bxd5 15. Bxd5 Qxd5 16. Qxe7 Rfe8 17. Qb4 d3 18. c4 Qf3 19. Bb2 Bxb2 20. Rxb2 h5 21. h4 Rad8 22. Qa4 Re4 23. Qc6 Qg4 24. Qc7 Red4 25. Re1 R4d7 26. Qc6 Qd4 27. Rb5 Rd6 28. Re8+ Rxe8 29. Qxe8+ Kg7 30. Qe5+ Qxe5 31. Rxe5 Rd4 32. f4 Rxc4 33. Rd5 Rc2 34. Rxd3 Kf6 35. Kf2 Kf5 36. Kf3 Rc5 37. Rd7 f6 38. Rxa7 Rb5 39. d3 Rb3 40. Ke3 Kg4 41. Rg7 Kf5 42. a4 Rb4 43. Ra7 Kg4 44. Rg7 Kf5 45. Rb7 Kg4 46. a5 bxa5 47. Rxb4 axb4 48. d4 g5 49. d5 Kf5 50. Kd4 gxf4 51. gxf4 1-0

[Event "BCF-chT3Sb 1718 (4NCL)"]
[Site "England"]
[Date "2017.11.11"]
[Round "1.82"]
[White "Byron, Alan M"]
[Black "Howell, Chris I"]
[Result "1-0"]
[WhiteElo "2082"]
[BlackElo "1954"]
[PlyCount "99"]
[EventDate "2017.11.11"]
[EventType "team-tourn"]
[EventRounds "11"]
[EventCountry "ENG"]
[SourceTitle "EXT 2020"]
[Source "ChessBase"]
[SourceDate "2019.10.17"]
[SourceVersion "1"]
[SourceVersionDate "2019.10.17"]
[SourceQuality "1"]
[WhiteTeam "The Rookies"]
[BlackTeam "Sussex Martlets II"]
[WhiteTeamCountry "ENG"]
[BlackTeamCountry "ENG"]

1. c4 Nf6 2. Nc3 g6 3. Nf3 Bg7 4. d4 d6 5. e4 0-0 6. h3 c5 7. d5 b5 8. cxb5 a6 9. bxa6 Bxa6 10. Bxa6 Rxa6 11. Qe2 Qa5 12. 0-0 Nbd7 13. Nd2 Rfa8 14. Nc4 Qb4 15. Bd2 Nb6 16. Nxb6 Qxb6 17. Rfb1 Nd7 18. b3 Qb7 19. a4 Rb6 20. Ra3 c4 21. Qxc4 Rc8 22. Qd3 Nc5 23. Qc2 Nxe4 24. Qxe4 Bxc3 25. Be3 Rb4 26. Qd3 Bf6 27. a5 Rc3 28. Qd1 Qa6 29. Qf1 Rb5 30. Ra2 Kg7 31. b4 Rc8 32. Rc1 Rxc1 33. Bxc1 Bc3 34. Bb2 Bxb2 35. Rxb2 Qb7 36. Qc4 Rxd5 37. a6 Rd1+ 38. Kh2 Qb8 39. Qc3+ f6 40. Qf3 d5+ 41. g3 Ra1 42. b5 e6 43. Qe2 d4 44. Qxe6 Qc7 45. Ra2 Rb1 46. Qc6 Qf7 47. Rd2 Qe7 48. Rxd4 Qe5 49. Qb7+ Kh6 50. Rh4+ 1-0

[Event "BCF-chT3Sb 1617 (4NCL)"]
[Site "England"]
[Date "2017.01.14"]
[Round "3.71"]
[White "Farkas, Daniel"]
[Black "Howell, Chris I"]
[Result "1-0"]
[WhiteElo "2090"]
[BlackElo "1955"]
[PlyCount "51"]
[EventDate "2016.11.26"]
[EventType "team-tourn"]
[EventRounds "11"]
[EventCountry "ENG"]
[SourceTitle "EXT 2019"]
[Source "ChessBase"]
[SourceDate "2018.10.10"]
[SourceVersion "1"]
[SourceVersionDate "2018.10.10"]
[SourceQuality "1"]
[WhiteTeam "Fermented Sharks"]
[BlackTeam "Sussex Martlets II"]
[WhiteTeamCountry "ENG"]
[BlackTeamCountry "ENG"]

1. d4 e6 2. Bf4 Nf6 3. e3 c5 4. c3 Nc6 5. Nd2 cxd4 6. exd4 Be7 7. Bd3 0-0 8. h3 b6 9. Ngf3 Bb7 10. 0-0 Nd5 11. Bh2 f5 12. Nc4 Ba6 13. Re1 Kh8 14. Nfe5 Nxe5 15. Bxe5 Bf6 16. Bd6 Be7 17. Bh2 Nf6 18. a4 Ne4 19. Bxe4 fxe4 20. Nd6 Bxd6 21. Bxd6 Rf5 22. Rxe4 Qf6 23. Be5 Qf7 24. Rg4 Rg8 25. Qd2 Qf8 26. Rh4 1-0

[Event "BCF-ch Seniors 50"]
[Site "Coventry"]
[Date "2015.08.05"]
[Round "4"]
[White "Howell, Chris I"]
[Black "Lawson, Maurice Elliot"]
[Result "1/2-1/2"]
[WhiteElo "2044"]
[BlackElo "1961"]
[PlyCount "30"]
[EventDate "2015.08.02"]
[EventType "swiss"]
[EventRounds "6"]
[EventCountry "ENG"]
[SourceTitle "CBM 167 Extra"]
[Source "ChessBase"]
[SourceDate "2015.09.14"]
[SourceVersion "1"]
[SourceVersionDate "2015.09.14"]
[SourceQuality "1"]

1. e4 c6 2. Nf3 d5 3. exd5 cxd5 4. Ne5 Nd7 5. Bb5 a6 6. Qf3 Ngf6 7. Bxd7+ Bxd7 8. Nxd7 Qxd7 9. d4 e6 10. 0-0 Rc8 11. c3 Ne4 12. Nd2 Nxd2 13. Bxd2 Be7 14. Qg3 Bf6 15. Bg5 Qe7 1/2-1/2

[Event "BCF-ch Week2 AM op"]
[Site "Coventry"]
[Date "2015.08.04"]
[Round "2"]
[White "Lutton, J Arnold"]
[Black "Howell, Chris I"]
[Result "0-1"]
[WhiteElo "1796"]
[BlackElo "2044"]
[PlyCount "100"]
[EventDate "2015.08.03"]
[EventType "swiss"]
[EventRounds "5"]
[EventCountry "ENG"]
[SourceTitle "CBM 167 Extra"]
[Source "ChessBase"]
[SourceDate "2015.09.14"]
[SourceVersion "1"]
[SourceVersionDate "2015.09.14"]
[SourceQuality "1"]

1. e4 e6 2. d4 d5 3. e5 c5 4. c3 Nc6 5. Nf3 Bd7 6. Bd3 Qb6 7. 0-0 cxd4 8. Re1 dxc3 9. Nxc3 Nge7 10. Na4 Qc7 11. b3 Ng6 12. Bb2 Bb4 13. Re3 a6 14. Rc1 b5 15. Nc5 Qb6 16. Nxd7 Kxd7 17. Re2 Nf4 18. Rec2 Nxd3 19. Qxd3 Rac8 20. Kf1 h6 21. Qe2 Be7 22. g3 Nb4 23. Rxc8 Rxc8 24. Rxc8 Kxc8 25. Ba3 Qa5 26. Bxb4 Qxb4 27. Qc2+ Kd7 28. Ne1 Qc5 29. Qxc5 Bxc5 30. Nd3 Kc6 31. Ke2 g5 32. g4 d4 33. f3 a5 34. Kd2 Kd5 35. Kc2 Bb6 36. h3 Bc7 37. Kd2 Bxe5 38. Ne1 Bd6 39. Kd3 Bb4 40. Nc2 Bc5 41. Ne1 Ke5 42. Ng2 Bb4 43. Ke2 Bc3 44. Kd3 f6 45. Ke2 Kd5 46. Kd3 Kc5 47. h4 Kb4 48. hxg5 hxg5 49. Kc2 Ka3 50. Kb1 e5 0-1

[Event "BCF-ch Seniors 50"]
[Site "Coventry"]
[Date "2015.08.03"]
[Round "2"]
[White "Howell, Chris I"]
[Black "Pitcher, John"]
[Result "0-1"]
[WhiteElo "2044"]
[BlackElo "2251"]
[PlyCount "94"]
[EventDate "2015.08.02"]
[EventType "swiss"]
[EventRounds "6"]
[EventCountry "ENG"]
[SourceTitle "CBM 167 Extra"]
[Source "ChessBase"]
[SourceDate "2015.09.14"]
[SourceVersion "1"]
[SourceVersionDate "2015.09.14"]
[SourceQuality "1"]

1. e4 c5 2. a3 b6 3. b4 Bb7 4. Nc3 e6 5. b5 Nf6 6. e5 Nd5 7. Nxd5 Bxd5 8. c4 Bb7 9. Nf3 d6 10. Bb2 Nd7 11. d4 cxd4 12. Qxd4 Bxf3 13. gxf3 dxe5 14. Qe4 Rc8 15. Bxe5 Nxe5 16. Qxe5 Rc5 17. Qe4 Qb8 18. Be2 Bd6 19. Rd1 0-0 20. h4 Re5 21. Qd3 Rd8 22. Kf1 Be7 23. Qc3 Rxd1+ 24. Bxd1 Qd6 25. Kg2 Rh5 26. Bc2 Rxh4 27. Rxh4 Bxh4 28. Qd3 Qxd3 29. Bxd3 Be7 30. a4 Bd6 31. Kf1 h5 32. Ke1 Kf8 33. Bf1 Ke7 34. Ke2 Kf6 35. Kd3 Bc5 36. Ke2 Ke5 37. Ke1 Kf4 38. Ke2 f5 39. Bg2 g5 40. Bf1 e5 41. Bg2 e4 42. fxe4 fxe4 43. Bh3 g4 44. Bg2 h4 45. Bf1 h3 46. Ke1 Kf3 47. Be2+ Kg2 0-1

[Event "BCF-ch Week1 AM op"]
[Site "Aberystwyth"]
[Date "2014.07.23"]
[Round "3"]
[White "Howell, Chris I"]
[Black "Payne, Matthew"]
[Result "1-0"]
[WhiteElo "2052"]
[BlackElo "1959"]
[PlyCount "103"]
[EventDate "2014.07.21"]
[EventType "swiss"]
[EventRounds "5"]
[EventCountry "WLS"]
[SourceTitle "EXT 2017"]
[Source "ChessBase"]
[SourceDate "2016.10.25"]
[SourceVersion "1"]
[SourceVersionDate "2016.10.25"]
[SourceQuality "1"]

1. e4 e6 2. d4 d5 3. Nd2 Nc6 4. Ngf3 Nf6 5. e5 Nd7 6. c3 f6 7. Bb5 a6 8. Bxc6 bxc6 9. 0-0 Be7 10. exf6 Bxf6 11. Re1 0-0 12. Rxe6 Ne5 13. Rxe5 Bxe5 14. Nxe5 Qf6 15. Ndf3 h6 16. Qa4 Be6 17. Qxc6 Qf5 18. Be3 Rab8 19. Qxa6 Rxb2 20. Qd3 Qf6 21. Qg6 Qxg6 22. Nxg6 Ra8 23. h4 Raxa2 24. Rxa2 Rxa2 25. Kh2 Rc2 26. Bd2 Kf7 27. Nge5+ Kf6 28. g4 g6 29. Kg3 Bc8 30. g5+ hxg5 31. hxg5+ Kg7 32. Kf4 Bf5 33. Ke3 Ra2 34. Nh4 Bb1 35. Ng2 Bf5 36. Nf4 Ra5 37. Nc6 Ra6 38. Nb4 Ra8 39. Nbxd5 Re8+ 40. Kf3 Be4+ 41. Kg3 Bxd5 42. Nxd5 Re2 43. Bf4 c6 44. Be5+ Kf7 45. Nb4 c5 46. Kf3 Re1 47. Nd3 Rg1 48. dxc5 Rxg5 49. c6 Ke6 50. Ke4 Rg1 51. Nc5+ Ke7 52. c7 1-0

[Event "BCF-chT3S 1314 (4NCL)"]
[Site "England"]
[Date "2014.02.15"]
[Round "5.158"]
[White "Henbest, Kevin B"]
[Black "Howell, Chris I"]
[Result "0-1"]
[WhiteElo "1693"]
[BlackElo "2041"]
[PlyCount "96"]
[EventDate "2013.11.16"]
[EventType "team-swiss"]
[EventRounds "6"]
[EventCountry "ENG"]
[SourceTitle "EXT 2015"]
[Source "ChessBase"]
[SourceDate "2014.11.20"]
[SourceVersion "1"]
[SourceVersionDate "2014.11.20"]
[SourceQuality "1"]
[WhiteTeam "Oxford III"]
[BlackTeam "Sussex Smart Survivors"]
[WhiteTeamCountry "ENG"]
[BlackTeamCountry "ENG"]

1. e4 e6 2. d4 d5 3. Nc3 Bb4 4. e5 c5 5. a3 Bxc3+ 6. bxc3 Ne7 7. a4 Qc7 8. Nf3 b6 9. Bd3 Ba6 10. 0-0 Bxd3 11. Qxd3 Nbc6 12. Ba3 cxd4 13. Bd6 Qd7 14. cxd4 Na5 15. Nd2 Rc8 16. f4 h5 17. Bxe7 Qxe7 18. f5 Qg5 19. fxe6 fxe6 20. Nf3 Qg4 21. Qb5+ Rc6 22. Ra3 0-0 23. Qd3 Nc4 24. Raa1 h4 25. h3 Qg3 26. Rf2 Rf4 27. Raf1 Re4 28. Nd2 Nxd2 29. Rf8+ Kh7 30. Qxd2 Rc4 31. Qd1 Qe3+ 32. R1f2 Qe1+ 33. Qxe1 Rxe1+ 34. Kh2 Rxd4 35. R8f7 Rxa4 36. Re7 Raa1 37. g3 Rh1+ 38. Kg2 Rag1+ 39. Kf3 hxg3 40. Re2 Rh2 41. Re3 Rf2+ 42. Kg4 Rxc2 43. Rxa7 g2 44. Rg3 Re1 45. h4 g1Q 46. Kh5 Rxe5+ 47. Rg5 Rxg5+ 48. hxg5 Rh2# 0-1

[Event "GBR-ch 100th"]
[Site "Torquay"]
[Date "2013.08.08"]
[Round "10"]
[White "Gill, Oliver"]
[Black "Howell, Chris I"]
[Result "0-1"]
[WhiteElo "1974"]
[BlackElo "2055"]
[PlyCount "100"]
[EventDate "2013.07.29"]
[EventType "swiss"]
[EventRounds "11"]
[EventCountry "ENG"]
[SourceTitle "CBM 155 Extra"]
[Source "ChessBase"]
[SourceDate "2013.08.26"]
[SourceVersion "1"]
[SourceVersionDate "2013.08.26"]
[SourceQuality "1"]

1. e4 e6 2. d4 d5 3. exd5 Qxd5 4. Nc3 Bb4 5. a3 Bxc3+ 6. bxc3 Ne7 7. Nf3 0-0 8. Bd3 Nd7 9. 0-0 c5 10. Qe2 Nf6 11. Bg5 cxd4 12. cxd4 Bd7 13. Bxf6 gxf6 14. Be4 Bb5 15. Bxd5 Bxe2 16. Bxb7 Bxf1 17. Bxa8 Bxg2 18. Kxg2 Rxa8 19. Rb1 Rc8 20. Ne1 Nd5 21. Rb7 a6 22. Ra7 Rc6 23. Kf1 Kg7 24. Ke2 Nc3+ 25. Kd3 Nb5 26. Ra8 Rc3+ 27. Kd2 Rxa3 28. Rd8 Nc3 29. f3 Nd5 30. c4 Ra2+ 31. Kd3 Nb4+ 32. Kc3 a5 33. Ra8 Ra1 34. Nc2 Rc1 35. Rxa5 Nxc2 36. Kb2 Nxd4 37. Ra4 Rc2+ 38. Kb1 Rxh2 39. c5 Rd2 40. Ra3 e5 41. Rc3 Nc6 42. Kc1 Rd5 43. Kb2 f5 44. Kb3 Rd4 45. Rc1 h5 46. Rg1+ Kf6 47. Rg8 Ke6 48. Rh8 h4 49. Rh6+ Kd5 50. Rf6 Kxc5 0-1

[Event "GBR-ch 100th"]
[Site "Torquay"]
[Date "2013.08.07"]
[Round "9"]
[White "Howell, Chris I"]
[Black "Hoare, Amy B"]
[Result "1-0"]
[WhiteElo "2055"]
[BlackElo "1873"]
[PlyCount "77"]
[EventDate "2013.07.29"]
[EventType "swiss"]
[EventRounds "11"]
[EventCountry "ENG"]
[SourceTitle "EXT 2014"]
[Source "ChessBase"]
[SourceDate "2013.11.20"]
[SourceVersion "1"]
[SourceVersionDate "2013.11.20"]
[SourceQuality "1"]

1. e4 e5 2. f4 exf4 3. Nf3 g5 4. Bc4 Bg7 5. 0-0 h6 6. d4 d6 7. c3 Nc6 8. b4 Bd7 9. Qb3 Qe7 10. a4 g4 11. d5 Ne5 12. Nxe5 dxe5 13. Ba3 Qf6 14. Ra2 Ne7 15. b5 h5 16. Rd2 Nc8 17. d6 cxd6 18. Rfd1 Bf8 19. Bd5 Rb8 20. a5 f3 21. Qc4 Bh6 22. Rd3 0-0 23. Qc7 Bxb5 24. c4 Ba4 25. Rf1 Bc2 26. Rc3 Bxb1 27. Qxb8 Bd2 28. Rcxf3 gxf3 29. Rxf3 Qe7 30. Rg3+ Kh7 31. Bxb7 Qd8 32. Bxc8 Qxc8 33. Qxd6 Bh6 34. Qxe5 Re8 35. Qxh5 Qxc4 36. Qf5+ Kh8 37. Bb2+ Bg7 38. Bxg7+ Kg8 39. Bh6+ 1-0

[Event "GBR-ch 100th"]
[Site "Torquay"]
[Date "2013.08.05"]
[Round "7"]
[White "Coates, David H"]
[Black "Howell, Chris I"]
[Result "1/2-1/2"]
[WhiteElo "2046"]
[BlackElo "2055"]
[PlyCount "61"]
[EventDate "2013.07.29"]
[EventType "swiss"]
[EventRounds "11"]
[EventCountry "ENG"]
[SourceTitle "CBM 155 Extra"]
[Source "ChessBase"]
[SourceDate "2013.08.26"]
[SourceVersion "1"]
[SourceVersionDate "2013.08.26"]
[SourceQuality "1"]

1. d4 Nf6 2. c4 g6 3. Nc3 Bg7 4. e4 d6 5. Nf3 0-0 6. Be2 Nc6 7. 0-0 e5 8. d5 Ne7 9. b4 c6 10. a4 a5 11. Ba3 axb4 12. Bxb4 c5 13. Ba3 Nh5 14. Re1 Nf4 15. Bf1 f5 16. Nd2 g5 17. Nb5 Ra6 18. Bb2 g4 19. Ra3 Bh6 20. exf5 Bxf5 21. Ne4 Nc8 22. Bc1 Qh4 23. g3 Nh3+ 24. Bxh3 Qxh3 25. a5 Kh8 26. Qe2 Bxc1 27. Rxc1 Qh6 28. Rca1 Qg6 29. Re1 h5 30. Nc7 Ra7 31. Nb5 1/2-1/2

[Event "GBR-ch 100th"]
[Site "Torquay"]
[Date "2013.07.31"]
[Round "3"]
[White "Howell, Chris I"]
[Black "Moss, Guy"]
[Result "1/2-1/2"]
[WhiteElo "2055"]
[BlackElo "2018"]
[PlyCount "260"]
[EventDate "2013.07.29"]
[EventType "swiss"]
[EventRounds "11"]
[EventCountry "ENG"]
[SourceTitle "CBM 155 Extra"]
[Source "ChessBase"]
[SourceDate "2013.08.26"]
[SourceVersion "1"]
[SourceVersionDate "2013.08.26"]
[SourceQuality "1"]

1. e4 c5 2. a3 d6 3. b4 Nf6 4. Nc3 Nc6 5. Nf3 Nd4 6. bxc5 dxc5 7. e5 Nd5 8. Bb2 a6 9. Nxd4 cxd4 10. Ne2 d3 11. cxd3 b5 12. g3 Bb7 13. Bg2 Nb4 14. axb4 Bxg2 15. Rg1 Bf3 16. Qb3 e6 17. Nd4 Bd5 18. Qc3 Rc8 19. Qa3 Bb7 20. Qb3 Be7 21. f4 0-0 22. Ke2 Qd7 23. Rgc1 Bd5 24. Qa3 Ra8 25. Bc3 a5 26. Qb2 a4 27. Rf1 Bd8 28. Nc2 Bb6 29. Bd4 Bc7 30. Bc5 Rfd8 31. Nd4 Bb7 32. Rf2 Ra6 33. Qc3 Bb6 34. Nc2 Bd5 35. d4 Bc4+ 36. d3 Bb3 37. Ne3 Bxc5 38. dxc5 Qd4 39. Kd2 Qd7 40. Rff1 Rc6 41. Rfc1 Bd5 42. Ke2 Rcc8 43. Rf1 Bb7 44. f5 Qd4 45. Qxd4 Rxd4 46. fxe6 fxe6 47. Rf4 Rcd8 48. Rxd4 Rxd4 49. Nc2 Rd5 50. d4 Rd8 51. Rd1 Kf7 52. Ke3 Kg6 53. Rf1 Bc6 54. Kd3 Ra8 55. Na3 Rd8 56. Rf4 Rb8 57. Kc3 Rd8 58. Kb2 Rb8 59. Nc2 Rd8 60. Ne3 h6 61. h4 Kh7 62. Kc3 Ra8 63. Nc2 a3 64. Rf1 a2 65. Kb2 Ra4 66. Re1 Bd5 67. Ka1 Kg8 68. Re3 Ra8 69. Na3 Rf8 70. Re1 Bc6 71. Kxa2 Rf2+ 72. Kb1 Rf3 73. Nc2 Rxg3 74. d5 Bxd5 75. Rd1 Rb3+ 76. Kc1 Kf7 77. Rd4 g5 78. hxg5 hxg5 79. Kd2 Ke7 80. Rg4 Bf3 81. Rxg5 Be4 82. Rg7+ Kd8 83. Rg4 Bxc2 84. Kxc2 Re3 85. Rd4+ Kc7 86. Rd6 Rxe5 87. Rb6 Re3 88. Rxb5 e5 89. Rb6 e4 90. Ra6 Rf3 91. Re6 Re3 92. b5 Re2+ 93. Kc3 Re1 94. Kd4 Rb1 95. b6+ Kb7 96. Rxe4 Rd1+ 97. Kc4 Rc1+ 98. Kb5 Rb1+ 99. Kc4 Rc1+ 100. Kd5 Rd1+ 101. Rd4 Rc1 102. Kd6 Rc2 103. Rd5 Rc1 104. Kd7 Rc2 105. Kd8 Kb8 106. Rf5 Rc1 107. Ke7 Kb7 108. Kd6 Rd1+ 109. Ke5 Kc6 110. Ke4 Rd7 111. Re5 Rd1 112. Ke3 Rd7 113. Ke2 Rd8 114. Kf3 Rd1 115. Kg4 Rd7 116. Kf5 Rd1 117. Ke6 Rd2 118. Ke7 Rd7+ 119. Ke8 Rh7 120. Kd8 Rh6 121. Re8 Kb7 122. Re7+ Kb8 123. Ra7 Rxb6 124. Ra1 Rb2 125. Kd7 Rd2+ 126. Kc6 Rh2 127. Re1 Rh6+ 128. Kb5 Kc7 129. Re7+ Kc8 130. c6 Rh1 1/2-1/2

[Event "BCF-chT3 1213 (4NCL)"]
[Site "England"]
[Date "2013.03.24"]
[Round "8.88"]
[White "Jaszkiwskyj, Peter"]
[Black "Howell, Chris I"]
[Result "1-0"]
[WhiteElo "1979"]
[BlackElo "2078"]
[PlyCount "115"]
[EventDate "2012.11.03"]
[EventType "team-swiss"]
[EventRounds "11"]
[EventCountry "ENG"]
[SourceTitle "EXT 2014"]
[Source "ChessBase"]
[SourceDate "2013.11.20"]
[SourceVersion "1"]
[SourceVersionDate "2013.11.20"]
[SourceQuality "1"]
[WhiteTeam "The Rookies"]
[BlackTeam "Sussex Smart Survivors"]
[WhiteTeamCountry "ENG"]
[BlackTeamCountry "ENG"]

1. d4 Nf6 2. Nf3 g6 3. Bf4 d6 4. e3 c5 5. c3 Qb6 6. Qb3 Be6 7. Qxb6 axb6 8. a3 Nh5 9. Bg3 Bh6 10. Bd3 0-0 11. Nbd2 f5 12. Bh4 Nc6 13. Bb5 Na7 14. Be2 Rae8 15. Ng5 Bd5 16. Nc4 b5 17. Nb6 Nf6 18. Nxd5 Bxg5 19. Nxe7+ Rxe7 20. Bxg5 Kg7 21. dxc5 dxc5 22. 0-0-0 h6 23. Bxf6+ Rxf6 24. Bf3 b4 25. axb4 cxb4 26. cxb4 Rc7+ 27. Kb1 Rb6 28. Rc1 Nc6 29. Bxc6 bxc6 30. Rc4 Kf6 31. Rhc1 Ke5 32. b5 Rxb5 33. Rxc6 Rcb7 34. R1c5+ Rxc5 35. Rxc5+ Ke4 36. Kc2 g5 37. Rc4+ Ke5 38. f3 h5 39. h3 Ra7 40. Rd4 f4 41. Re4+ Kf5 42. exf4 gxf4 43. Kc3 Rg7 44. Re2 Rc7+ 45. Kd4 Rd7+ 46. Kc5 Rc7+ 47. Kb6 Rc4 48. Kb5 Rc8 49. b4 Rb8+ 50. Kc5 Rc8+ 51. Kd6 Rb8 52. Rb2 Kg5 53. b5 Kh4 54. b6 Kg3 55. Kc7 Rh8 56. b7 Rh7+ 57. Kb6 Rh6+ 58. Ka7 1-0

[Event "BCF-chT2 1011 (4NCL)"]
[Site "England"]
[Date "2011.01.15"]
[Round "3.47"]
[White "Howell, Chris I"]
[Black "Birkin, Mark"]
[Result "1-0"]
[WhiteElo "2065"]
[BlackElo "1895"]
[PlyCount "97"]
[EventDate "2010.11.06"]
[EventType "team-swiss"]
[EventRounds "11"]
[EventCountry "ENG"]
[SourceTitle "EXT 2012"]
[Source "ChessBase"]
[SourceDate "2011.11.24"]
[SourceVersion "1"]
[SourceVersionDate "2011.11.24"]
[SourceQuality "1"]
[WhiteTeam "Jutes of Kent"]
[BlackTeam "White Rose II"]
[WhiteTeamCountry "ENG"]
[BlackTeamCountry "ENG"]

1. e4 e6 2. d4 d5 3. Nd2 a6 4. Bd3 c5 5. exd5 exd5 6. Qe2+ Qe7 7. dxc5 Qxe2+ 8. Nxe2 Bxc5 9. Nb3 Ba7 10. 0-0 Nc6 11. Re1 Nge7 12. c3 0-0 13. Nbd4 Bg4 14. h3 Bd7 15. Bf4 Rfe8 16. Bd6 Ng6 17. Nxc6 bxc6 18. Nd4 c5 19. Nf3 Bb5 20. Bf5 Be2 21. Bxg6 hxg6 22. Ne5 Rad8 23. Bc7 Rc8 24. Rxe2 Rxc7 25. Rae1 d4 26. Nc4 Rxe2 27. Rxe2 Rd7 28. Re8+ Kh7 29. Kf1 dxc3 30. bxc3 Rd3 31. Re3 Rd7 32. Ke2 Bb8 33. Re8 Rb7 34. a4 g5 35. Rc8 Ba7 36. Rc6 Rb3 37. Kd3 Rb1 38. Rxa6 Bb8 39. Rb6 Rxb6 40. Nxb6 Kg6 41. g4 f5 42. a5 Ba7 43. Kc4 Kf6 44. Kxc5 fxg4 45. hxg4 Ke5 46. Kc6 Kf4 47. Kb7 Kxg4 48. Kxa7 Kf3 49. Kb7 1-0

[Event "BCF-chT1a 0910 (4NCL)"]
[Site "England"]
[Date "2009.10.25"]
[Round "2.8"]
[White "Howell, Chris I"]
[Black "Kourtseva, Julie"]
[Result "1-0"]
[WhiteElo "2072"]
[BlackElo "1706"]
[PlyCount "151"]
[EventDate "2009.10.24"]
[EventType "team-tourn"]
[EventRounds "7"]
[EventCountry "ENG"]
[SourceTitle "EXT 2011"]
[Source "ChessBase"]
[SourceDate "2010.11.26"]
[SourceVersion "1"]
[SourceVersionDate "2010.11.26"]
[SourceQuality "1"]
[WhiteTeam "Jutes of Kent"]
[BlackTeam "Cambridge University"]
[WhiteTeamCountry "ENG"]
[BlackTeamCountry "ENG"]

1. e4 d5 2. exd5 Qxd5 3. Nf3 c6 4. Nc3 Qa5 5. Bc4 Bf5 6. 0-0 e6 7. d3 Be7 8. Bd2 Qc7 9. Nd4 Bg6 10. Qf3 Bf6 11. Nb3 Ne7 12. Bf4 Be5 13. Bxe5 Qxe5 14. Rfe1 Qc7 15. Nd4 0-0 16. Bxe6 Qd8 17. Bb3 Nd7 18. a4 Nc5 19. Bc4 Re8 20. Nb3 Nxb3 21. Bxb3 Nf5 22. Bc4 Nd4 23. Rxe8+ Qxe8 24. Qd1 Qe7 25. Qd2 Re8 26. h3 Qb4 27. Re1 Rxe1+ 28. Qxe1 h6 29. Qe8+ Kh7 30. Bxf7 Bxf7 31. Qxf7 Qxb2 32. Ne4 Qa1+ 33. Kh2 Ne2 34. Ng5+ hxg5 35. Qh5+ Kg8 36. Qe8+ Kh7 37. Qxe2 Qxa4 38. Qh5+ Kg8 39. c4 Qc2 40. Qe8+ Kh7 41. Qe4+ Kh8 42. Qd4 Qa2 43. h4 gxh4 44. Qxh4+ Kg8 45. Qd8+ Kh7 46. Qh4+ Kg8 47. g4 Qb2 48. Kg2 Qd4 49. Qg3 Qd8 50. g5 g6 51. Qe3 Qd7 52. Kf1 c5 53. Ke2 b6 54. Qe4 Kf7 55. Qf4+ Ke8 56. Kd2 Qe7 57. Qg4 Kf8 58. f4 Qf7 59. Kc2 Kg7 60. Qf3 b5 61. Qe4 bxc4 62. dxc4 Kg8 63. Kb3 Kg7 64. Qe5+ Kg8 65. Qd5 Kg7 66. Qxf7+ Kxf7 67. Ka4 Ke6 68. Kb5 Kf5 69. Kxc5 Kxf4 70. Kc6 Kxg5 71. c5 a5 72. Kb5 a4 73. Kxa4 Kf6 74. Kb5 Ke7 75. Kb6 Kd8 76. Kb7 1-0